01628nam a2200289 a 450000100100000000500170001000800410002704000250006808200200009310000310011324500430014426000360018730000210022359000770024459000260032165000270034765000310037491000410040595201320044695201320057895201320071095201180084295201230096095201190108395201190120299900170132100001272120240530073915.0091116s1992 dr 000 f spa d aDO-SdBNPbspacBNPHU aRD863.44bR457d1 aReyes, Freddy,d1936-970310aDetrás del bíombo /cFreddy Reyes. aSanto Domingo :bBúho,c1992. a296 p. ;c21 cm. aIncluye datos biográficos del autor en la solapa de la contracubierta. aInventariado, 2019/BT 0aNovela dominicana9223 0aLiteratura dominicana.967 aValidado. Control de calidad MMOLINA 001054708DSaGRbGRcHDd2015-02-25iLF1l0oRD863.44 R457dp12721-30r2020-06-25te.3w2020-06-25yLFDSZPréstamo en sala 001054708DSaGRbGRcHDd2015-04-24iLF1l0oRD863.44 R457dp12721-40r2020-06-25te.4w2020-06-25yLFDSZPréstamo en sala 001154708DSaGRbGRcMId2015-04-24iLF1l0oRD863.44 R457dp12721-50r2020-06-25te.5w2020-06-25yLFDSZPréstamo en sala 0010718PDaPDbPDcHDd2009-11-16iLF1l0oRD863.44 R457dp12721-10r2020-06-25w2020-06-25yLFPDZNo se presta 0010718PDaPDbPDcHDd2011-02-15iLF1l0oRD863.44 R457dp12721-20r2020-06-25te.2w2020-06-25yLFPDZNo se presta 00107-18PDaPDbPDcOId2009-11-16iLF1l0oRD863.44 R457dp12722-10r2020-06-25w2020-06-25yLFPDZNo se presta 00107-18PDaPDbPDcOId2009-11-16iLF1l0oRD863.44 R457dp12722-20r2020-06-25w2020-06-25yLFPDZNo se presta c12372d12372